LEADER 01237nam a2200313 a 4500 001 000000125125 003 CaOOAMICUS 005 20171121100134.0 008 110428s2011 it u000 u ita r 020 $a978-88-230-1455-8 032 $aLibriCat 040 $aPUL$bita 082 04$a174.9 245 03$aIl laboratorio della bioetica :$ble scelte morali tra scienza e societą /$ca cura di Fabrizio Rufo. 260 $aRoma :$bEdiesse,$c©2011. 300 $a453 p. ;$c21 cm. 490 1 $aSaggi 504 $aBibliografia in nota. 650 4$aBioetica.$0(OLS)http://pul/subject/2868 700 1 $aRufo, Fabrizio.$0(OLS)http://pul/name/79093 830 0$aSaggi (Ediesse).$0(OLS)http://pul/title/157744 850 $aPUL 852 $aPUL$W1$xSL Filosofia 3$y81$m174. 9 RUFFA 1$j144046$qDDC 21$B143102$CPULBib$Z2$F143102 $H116736 $82 941 1 $a9 996 $6020$a978-88-230-1455-8$9(OLS)http://pul/number/146981 996 $6082$a174.9$9(OLS)http://pul/classification/495 996 $6245$aIl laboratorio della bioetica :$ble scelte morali tra scienza e societą$9(OLS)http://pul/title/157743 996 $6260$aRoma :$bEdiesse$9(OLS)http://pul/publisher/81556 LEADER 01515nam a2200337 a 4500 001 000000139179 003 CaOOAMICUS 005 20140709150406.0 008 140709s2014 it u000 u ita r 020 $a978-88-217-4616-1 040 $aPUL$bita 082 04$a348 245 00$aCompravendita, condominio, locazioni /$ca cura di Augusto Cirla e Mariagrazia Monegat. 260 $aMilano :$bIpsoa,$c2014$aMilanofiori Assago :$bWolters Kluwer 300 $aXXVII, 1435 p. ;$c24 cm 490 1 $aItinera. Guide giuridiche. Immobili 500 $aSul front.: Lexjus Sinacta. 650 4$aEdilizia$zItalia$xLegislazione.$0(OLS)http://pul/subject/35496 650 4$aLocazione$xDiritto.$0(OLS)http://pul/subject/33884 700 1 $aMonegat, Maria Grazia.$0(OLS)http://pul/name/75872 700 1 $aCirla, Augusto.$0(OLS)http://pul/name/89754 830 0$aItinera$pGuide giuridiche (Ipsoa).$pImmobili.$0(OLS)http://pul/title/176219 850 $aPUL 852 $aPUL$W1$xSL Diritto e Scienze Sociali 3$y79$m348 COLL 3.7$j160784$qDDC 21$B160181$CPULBib$Z2$F160181 $H124382 $82 941 1 $a9 996 $6020$a978-88-217-4616-1$9(OLS)http://pul/number/155733 996 $6082$a348$9(OLS)http://pul/classification/2532 996 $6245$aCompravendita, condominio, locazioni$9(OLS)http://pul/title/176218 996 $6260$aMilano :$bIpsoa$9(OLS)http://pul/publisher/67046 996 $6260$aMilanofiori Assago :$bWolters Kluwer$9(OLS)http://pul/publisher/81463